[Event "AUTO-MASTER-2340"]
[Site "http://www.queenalice.com/game.php?id=1375833"]
[Date "2015.8.6"]
[Round "1"]
[White "npeter"]
[Black "Gera"]
[Result "1-0"]
[WhiteElo "2288"]
[BlackElo "1714"]

1. d4 d5 2. Nf3 e6 3. c4 c6 4. Nc3 Nd7 5. e4 dxe4 6. Nxe4 Ngf6 7. Bd3 Be7 8. O-O
O-O 9. Qe2 Qc7 10. Neg5 Re8 11. Ne5 Nxe5 12. dxe5 1-0

[Event "AUTO-MASTER-2340"]
[Site "http://www.queenalice.com/game.php?id=1375840"]
[Date "2015.8.6"]
[Round "1"]
[White "npeter"]
[Black "AntonioMelo"]
[Result "1-0"]
[WhiteElo "2277"]
[BlackElo "2153"]

1. d4 Nf6 2. c4 d6 3. Nc3 g6 4. e4 Bg7 5. Nf3 O-O 6. Be2 Nc6 7. O-O Bg4 8. Be3
Bxf3 9. Bxf3 e5 10. d5 Ne7 11. Be2 a6 12. b4 c6 13. Qb3 cxd5 14. cxd5 b5 15. a4
bxa4 16. Rxa4 a5 17. b5 Nd7 18. b6 f5 19. b7 Rb8 20. Rb1 Kh8 21. Ba7 Nc5 22.
Bxc5 dxc5 23. Qb6 Qxb6 24. Rxb6 fxe4 25. d6 Nf5 26. Nxe4 Nd4 27. Ba6 Bf6 28.
Nxf6 Rxf6 29. Rxa5 Ne6 30. Bc4 Nd8 31. Ra8 1-0

[Event "AUTO-MASTER-2340"]
[Site "http://www.queenalice.com/game.php?id=1375841"]
[Date "2015.8.6"]
[Round "1"]
[White "AntonioMelo"]
[Black "npeter"]
[Result "0-1"]
[WhiteElo "2158"]
[BlackElo "2268"]

1. f4 d5 2. Nf3 Nf6 3. e3 g6 4. Be2 Bg7 5. O-O O-O 6. d4 c5 7. c3 b6 8. Ne5 Bb7
9. Nd2 Qc7 10. Ndf3 Ne4 11. Bd3 f6 12. Ng4 Nd7 13. Bxe4 dxe4 14. Nd2 f5 15. Nf2
Nf6 16. dxc5 bxc5 17. Nh3 Nd5 18. Nc4 Rfd8 19. Qc2 Ba6 20. b3 Rab8 21. Ng5 Qd7
22. Rd1 h6 23. Ne5 Bxe5 24. fxe5 Nb4 25. Rxd7 Nxc2 26. Rxd8+ Rxd8 0-1

[Event "AUTO-MASTER-2347"]
[Site "http://www.queenalice.com/game.php?id=1378682"]
[Date "2015.8.20"]
[Round "1"]
[White "miltonloviski"]
[Black "npeter"]
[Result "1/2-1/2"]
[WhiteElo "2134"]
[BlackElo "2237"]

1. g4 d5 2. h3 e5 3. Bg2 c6 4. e3 h5 5. gxh5 Qg5 6. Bf1 Nf6 7. Be2 e4 8. Kf1
Nxh5 9. d3 Nf6 10. f4 Qg6 11. Qe1 exd3 12. Bxd3 Bf5 13. Bxf5 Qxf5 14. Qf2 Nbd7
15. Rh2 Ne4 1/2-1/2

[Event "AUTO-MASTER-2347"]
[Site "http://www.queenalice.com/game.php?id=1378710"]
[Date "2015.8.20"]
[Round "1"]
[White "npeter"]
[Black "babydaddytoo"]
[Result "1-0"]
[WhiteElo "2223"]
[BlackElo "2440"]

1. d4 d5 2. Nf3 Nc6 3. c4 e6 4. Nc3 Nf6 5. Bg5 Be7 6. e3 O-O 7. Rc1 h6 8. Bh4 a6
9. a3 dxc4 10. Bxc4 b5 11. Bd3 Bb7 12. Bb1 Na5 13. Qc2 g6 14. Ne5 Qe8 15. O-O
Rc8 16. b4 Nc6 17. Bxf6 Bxf6 18. Ne4 Bxe5 19. dxe5 Qe7 20. Qc3 Nb8 21. Nf6+ Kg7
22. Rfd1 1-0

[Event "AUTO-MASTER-2347"]
[Site "http://www.queenalice.com/game.php?id=1378711"]
[Date "2015.8.20"]
[Round "1"]
[White "babydaddytoo"]
[Black "npeter"]
[Result "0-1"]
[WhiteElo "2428"]
[BlackElo "2242"]

1. d4 d5 2. e3 Nf6 3. Nf3 e6 4. c4 c6 5. Nc3 Nbd7 6. Bd3 dxc4 7. Bxc4 b5 8. Bd3
Bb7 9. O-O a6 10. a4 b4 11. Ne4 c5 12. Nxf6+ Qxf6 13. dxc5 Nxc5 14. Be2 Be7 15.
Qc2 O-O 16. Rd1 Rac8 17. Rd4 e5 18. Rc4 e4 19. Nd4 Bd5 20. b3 Bxc4 21. Bxc4 Nd3
0-1

[Event "AUTO-MASTER-2340"]
[Site "http://www.queenalice.com/game.php?id=1387312"]
[Date "2015.10.4"]
[Round "2"]
[White "vivafischer"]
[Black "npeter"]
[Result "1/2-1/2"]
[WhiteElo "2275"]
[BlackElo "2241"]

1. d4 Nf6 2. c4 g6 3. Nc3 Bg7 4. e4 d6 5. f3 Nc6 6. Be3 O-O 7. Qd2 a6 8. Nge2
Rb8 9. g4 b5 10. Ng3 e5 11. d5 Nd4 12. Be2 b4 13. Nd1 b3 14. Bxd4 exd4 15. axb3
Rxb3 16. O-O Nd7 17. Ra3 Rxa3 18. bxa3 Nc5 19. Nf2 Qh4 20. f4 Bd7 21. Rb1 a5 22.
Qxa5 d3 23. Bd1 Bd4 24. Qd2 Bxg4 1/2-1/2

[Event "AUTO-MASTER-2340"]
[Site "http://www.queenalice.com/game.php?id=1387313"]
[Date "2015.10.4"]
[Round "2"]
[White "npeter"]
[Black "vivafischer"]
[Result "1/2-1/2"]
[WhiteElo "2240"]
[BlackElo "2276"]

1. d4 d5 2. Nf3 Nf6 3. c4 c6 4. Nc3 e6 5. Bg5 h6 6. Bxf6 Qxf6 7. e3 Nd7 8. Bd3
dxc4 9. Bxc4 g6 10. O-O Bg7 11. e4 e5 12. d5 Nb6 13. Bb3 Bg4 14. Qd3 Bxf3 15.
Qxf3 Qxf3 16. gxf3 Ke7 17. dxc6 bxc6 18. Rfc1 Rhc8 19. Nd1 h5 20. Ne3 Bh6 21.
Rc5 Nd7 22. Rc2 Rab8 23. Rd1 f6 24. Ba4 1/2-1/2

[Event "AUTO-MASTER-2340"]
[Site "http://www.queenalice.com/game.php?id=1387314"]
[Date "2015.10.4"]
[Round "2"]
[White "jupar"]
[Black "npeter"]
[Result "1/2-1/2"]
[WhiteElo "2126"]
[BlackElo "2244"]

1. d4 Nf6 2. c4 g6 3. Nc3 Bg7 4. Nf3 O-O 5. e4 d6 6. Bd3 Bg4 7. h3 Bxf3 8. Qxf3
Nfd7 9. Be3 c5 10. Ne2 Nc6 11. O-O cxd4 12. Bf4 a5 13. b3 a4 14. Rfd1 Nb4 15.
Nc1 axb3 16. Nxb3 Rxa2 17. Rxa2 Nxa2 18. Bd2 Nc3 19. Bxc3 dxc3 1/2-1/2

[Event "AUTO-MASTER-2340"]
[Site "http://www.queenalice.com/game.php?id=1387315"]
[Date "2015.10.4"]
[Round "2"]
[White "npeter"]
[Black "jupar"]
[Result "1-0"]
[WhiteElo "2234"]
[BlackElo "2179"]

1. d4 d5 2. Nf3 Nf6 3. c4 e6 4. Nc3 c6 5. Bg5 Be7 6. e3 Nbd7 7. Bd3 O-O 8. O-O
Qc7 9. Rc1 h6 10. Bh4 g5 11. Bg3 Bd6 12. cxd5 exd5 13. Nb5 Qb6 14. Nxd6 Qxb2 15.
Qb3 Qxb3 16. axb3 a5 17. h4 Nh5 18. hxg5 hxg5 19. Nxg5 f6 20. Ne6 Nxg3 21. fxg3
Rf7 22. Nxf7 Kxf7 23. Nf4 Nf8 24. Nh5 f5 25. Bxf5 Bxf5 26. Rxf5+ Kg6 27. g4 Nh7
28. Rcf1 Re8 29. Rf7 b5 30. Rg7+ Kh6 31. Rff7 Rh8 32. Rc7 1-0

[Event "AUTO-MASTER-2322"]
[Site "http://www.queenalice.com/game.php?id=1399244"]
[Date "2015.12.17"]
[Round "2"]
[White "Sacapiece"]
[Black "npeter"]
[Result "1/2-1/2"]
[WhiteElo "2286"]
[BlackElo "2250"]

1. e4 c5 2. Nf3 d6 3. d4 cxd4 4. Nxd4 Nf6 5. Nc3 a6 6. Bg5 e6 7. f4 Qb6 8. Qd2
Qxb2 9. Nb3 Qa3 10. Bxf6 gxf6 11. Be2 Nc6 12. O-O Bd7 13. Bh5 Rc8 14. f5 Bg7 15.
fxe6 Bxe6 16. Nd5 Bxd5 17. exd5 Ne5 18. Kh1 O-O 19. Nd4 Rfe8 20. Nf5 Bf8 21. Qf2
Ng6 22. Bxg6 hxg6 23. Qh4 gxf5 24. Rf3 Qa5 25. Raf1 Bg7 26. Rg3 Rc3 1/2-1/2

[Event "AUTO-MASTER-2322"]
[Site "http://www.queenalice.com/game.php?id=1399245"]
[Date "2015.12.17"]
[Round "2"]
[White "npeter"]
[Black "Sacapiece"]
[Result "1-0"]
[WhiteElo "2251"]
[BlackElo "2293"]

1. d4 Nf6 2. c4 e5 3. dxe5 Ng4 4. Bf4 Bb4+ 5. Nd2 Nc6 6. Nf3 Qe7 7. e3 Ngxe5 8.
Nxe5 Nxe5 9. Be2 d6 10. O-O a5 11. Nb3 a4 12. a3 Bc3 13. bxc3 axb3 14. Qxb3 Nd7
15. Qc2 Nc5 16. a4 O-O 17. a5 Be6 18. e4 Bd7 19. f3 f5 20. Be3 fxe4 21. Bxc5
exf3 22. Bxf3 dxc5 23. Bxb7 Qe3+ 24. Kh1 Rxf1+ 25. Rxf1 Re8 26. a6 Be6 27. Qa4
Bf7 28. a7 Qe2 29. Qd1 1-0

[Event "AUTO-MASTER-2322"]
[Site "http://www.queenalice.com/game.php?id=1399248"]
[Date "2015.12.17"]
[Round "2"]
[White "npeter"]
[Black "colognestar"]
[Result "1-0"]
[WhiteElo "2277"]
[BlackElo "2289"]

1. d4 g6 2. c4 Bg7 3. e4 d6 4. Nc3 e5 5. Nf3 Nc6 6. Bg5 f6 7. Be3 f5 8. exf5
Bxf5 9. d5 Nce7 10. Bd3 h6 11. Nh4 Nf6 12. Nxf5 gxf5 13. O-O Qd7 14. c5 f4 15.
cxd6 Qxd6 16. Nb5 Qd7 17. d6 Ned5 18. Bg6+ Kf8 19. Nxc7 fxe3 20. Nxa8 Qxd6 21.
fxe3 Ke7 22. Qb3 b6 23. Rad1 Qc5 24. Rxf6 Qxe3+ 25. Qxe3 Nxe3 26. Rf7+ Ke6 27.
Nc7# 1-0

[Event "AUTO-MASTER-2322"]
[Site "http://www.queenalice.com/game.php?id=1399249"]
[Date "2015.12.17"]
[Round "2"]
[White "colognestar"]
[Black "npeter"]
[Result "1/2-1/2"]
[WhiteElo "2295"]
[BlackElo "2264"]

1. e4 c5 2. Nf3 d6 3. Nc3 Nf6 4. d4 cxd4 5. Nxd4 a6 6. Be2 e5 7. Nb3 Be7 8. Be3
Be6 9. O-O O-O 10. f4 exf4 11. Bxf4 Nc6 12. Bf3 Ne5 13. Kh1 Re8 14. Nd4 Rc8 15.
Nxe6 fxe6 16. Bxe5 dxe5 17. Qe2 Qc7 18. a3 Red8 19. Rad1 Rxd1 20. Rxd1 Bxa3
1/2-1/2

[Event "AUTO-MASTER-2347"]
[Site "http://www.queenalice.com/game.php?id=1405992"]
[Date "2016.1.24"]
[Round "2"]
[White "npeter"]
[Black "CCapivara"]
[Result "1/2-1/2"]
[WhiteElo "2295"]
[BlackElo "2150"]

1. d4 d6 2. c4 Nf6 3. Nc3 c6 4. e4 Qa5 5. Bd3 e5 6. Nf3 Bg4 7. d5 Be7 8. O-O
Nbd7 9. Rb1 O-O 10. Be3 c5 11. h3 Bh5 12. Re1 a6 13. Be2 Rab8 14. Nh4 Bg6 15.
Nxg6 fxg6 16. a3 Qc7 17. Qc2 Rf7 18. b4 b6 19. Rb2 Rbf8 20. Qa4 b5 21. cxb5 cxb4
22. Rxb4 axb5 23. Nxb5 Qd8 24. Na7 1/2-1/2

[Event "AUTO-MASTER-2347"]
[Site "http://www.queenalice.com/game.php?id=1405993"]
[Date "2016.1.24"]
[Round "2"]
[White "CCapivara"]
[Black "npeter"]
[Result "1/2-1/2"]
[WhiteElo "2145"]
[BlackElo "2300"]

1. e4 c5 2. Nf3 d6 3. d4 cxd4 4. Nxd4 Nf6 5. Nc3 a6 6. Bg5 e6 7. f4 Qb6 8. Nb3
Be7 9. Qf3 Nbd7 10. O-O-O Qc7 11. Kb1 b5 12. Bd3 b4 13. Ne2 Bb7 14. g4 Rc8 15.
Bxf6 Bxf6 16. g5 Be7 17. h4 O-O 18. h5 Kh8 19. Ng3 Nc5 20. h6 g6 21. Qe3 a5 22.
Rh2 a4 23. Nd4 e5 24. Nf3 exf4 25. Qxf4 a3 26. Rhd2 axb2 1/2-1/2

[Event "AUTO-MASTER-2347"]
[Site "http://www.queenalice.com/game.php?id=1405994"]
[Date "2016.1.24"]
[Round "2"]
[White "npeter"]
[Black "LAIRE"]
[Result "1-0"]
[WhiteElo "2289"]
[BlackElo "2253"]

1. d4 e6 2. c4 Nf6 3. Nf3 d5 4. Nc3 c5 5. cxd5 Nxd5 6. e4 Nxc3 7. bxc3 cxd4 8.
cxd4 Bb4+ 9. Bd2 Bxd2+ 10. Qxd2 O-O 11. Bc4 Qf6 12. O-O Rd8 13. Rfd1 Nc6 14. Qe3
Na5 15. Bd3 Bd7 16. e5 Qe7 17. Ng5 h6 18. Ne4 Bc6 19. Nd6 Qg5 20. Qxg5 hxg5 21.
Rac1 Rd7 22. Rc5 b6 23. Rc3 Bd5 24. Rdc1 f5 25. Rc8+ Rd8 26. R8c7 Bxa2 27. Re7
Rxd6 28. exd6 Rd8 29. Rcc7 Rxd6 30. Rxg7+ Kf8 31. Rcf7+ Ke8 32. Rxa7 Kf8 33.
Raf7+ Ke8 34. Rh7 e5 35. Bb5+ 1-0

[Event "AUTO-MASTER-2347"]
[Site "http://www.queenalice.com/game.php?id=1405995"]
[Date "2016.1.24"]
[Round "2"]
[White "LAIRE"]
[Black "npeter"]
[Result "0-1"]
[WhiteElo "2265"]
[BlackElo "2265"]

1. d4 Nf6 2. c4 g6 3. Nc3 Bg7 4. Nf3 O-O 5. Bg5 d6 6. e3 Nbd7 7. Be2 h6 8. Bh4
g5 9. Bg3 Nh5 10. Qc2 Ndf6 11. Bd3 c6 12. O-O-O b5 13. Nd2 bxc4 14. Nxc4 Rb8 15.
e4 Ng4 16. e5 d5 17. Na3 c5 18. dxc5 e6 19. Rd2 Qe7 20. c6 Nxg3 21. hxg3 Nxe5
22. Qa4 Rb4 0-1